000 00816nam a2200253 a 4500
001 BRCA_5584
005 20190320205136.0
008 210211s1953----mx-a######---#001-0#spa-#
041 _aspa
044 _amx
050 4 _aND258
_b.C37 1953
100 1 _aCarrillo y Gariel, Abelardo
_91363
245 1 0 _aAutógrafos de pintores coloniales I
_cAbelardo Carrillo y Gariel.
260 _aMéxico
_bUNAM, Instituo de Investigaciones Estéticas
_c1953
300 _a168 p.
_bil.
_c24 cm.
500 _aIncluye índice onomástico
500 _aEstado físico: tapa un poco maltratada
500 _aF59
500 _aVer también 306 y número de sistema 2031 (Fondo Contemporáneo)
650 1 4 _aPintores mexicanos
_94220
650 1 4 _aAutógrafos
_vFacsímiles
_zMéxico
_914239
902 _aGFM
942 _2lcc
_cB
999 _c5278
_d5278